[Event "FRM-ch op 24th"]
[Site "Struga"]
[Date "2015.08.30"]
[Round "9"]
[White "Dimov, Daniel"]
[Black "Koskoska, Gabriela"]
[Result "1/2-1/2"]
[WhiteElo "1949"]
[BlackElo "2080"]
[PlyCount "160"]
[EventDate "2015.08.22"]
[EventType "swiss"]
[EventRounds "9"]
[EventCountry "MKD"]
[SourceTitle "EXT 2016"]
[Source "ChessBase"]
[SourceDate "2015.10.08"]
[SourceVersion "1"]
[SourceVersionDate "2015.10.08"]
[SourceQuality "1"]

1. d4 f5 2. c4 Nf6 3. Nc3 g6 4. Bg5 Bg7 5. Bxf6 exf6 6. e3 d6 7. Nge2 c6 8. Nf4 0-0 9. Bd3 Na6 10. h4 Re8 11. Qb3 Bh6 12. g3 Qb6 13. Qxb6 axb6 14. a3 Nb4 15. 0-0-0 Nxd3+ 16. Rxd3 Bd7 17. h5 g5 18. Nh3 Re7 19. f4 Be8 20. Nf2 Bf7 21. d5 cxd5 22. Nxd5 Bxd5 23. cxd5 Rc8+ 24. Kd2 Rec7 25. Rc3 Rxc3 26. bxc3 Rc5 27. c4 b5 28. Nd3 Rxc4 29. Rb1 Ra4 30. Rxb5 Rxa3 31. Rxb7 Ra2+ 32. Rb2 Ra1 33. Rb8+ Bf8 34. Nb4 Rg1 35. Nc6 Rg2+ 36. Kd3 Rxg3 37. Ne7+ Kf7 38. Nxf5 Rh3 39. Rb7+ Kg8 40. fxg5 Rxh5 41. Nd4 Rxg5 42. Ke4 Re5+ 43. Kd3 Rxd5 44. e4 Re5 45. Nc6 Re8 46. Nd4 Re7 47. Rb8 Kf7 48. Nf5 Ra7 49. Ke3 h5 50. Rb1 h4 51. Nxh4 Bh6+ 52. Kd4 Ke6 53. Nf5 Bf4 54. Rb4 Bh2 55. Rc4 Bg1+ 56. Kd3 Ke5 57. Nh4 Ra3+ 58. Kd2 Bd4 59. Nf5 Bc5 60. Ne7 Rg3 61. Nf5 Rf3 62. Ke2 Rf2+ 63. Kd3 Rf3+ 64. Ke2 Rf4 65. Kd3 Rg4 66. Nh6 Rg3+ 67. Kc2 Bd4 68. Rxd4 Kxd4 69. Nf5+ Kxe4 70. Nxg3+ Kf4 71. Nh5+ Kg5 72. Nxf6 Kxf6 73. Kd3 Ke5 74. Ke3 Kd5 75. Kd3 Kc5 76. Kc3 d5 77. Kd3 d4 78. Kd2 Kc4 79. Kc2 d3+ 80. Kd2 Kd4 1/2-1/2

[Event "FRM-ch op 24th"]
[Site "Struga"]
[Date "2015.08.24"]
[Round "3"]
[White "Veleski, Robert"]
[Black "Dimov, Daniel"]
[Result "1-0"]
[WhiteElo "2262"]
[BlackElo "1949"]
[PlyCount "79"]
[EventDate "2015.08.22"]
[EventType "swiss"]
[EventRounds "9"]
[EventCountry "MKD"]
[SourceTitle "EXT 2016"]
[Source "ChessBase"]
[SourceDate "2015.10.08"]
[SourceVersion "1"]
[SourceVersionDate "2015.10.08"]
[SourceQuality "1"]

1. Nf3 d5 2. g3 Nf6 3. Bg2 Bf5 4. 0-0 h6 5. d3 e6 6. c4 c6 7. Qb3 Qb6 8. Be3 c5 9. Qxb6 axb6 10. Na3 Be7 11. Nb5 0-0 12. Nh4 Bh7 13. Nc7 Ra7 14. cxd5 g5 15. d6 Bd8 16. Nf3 Bxc7 17. dxc7 Nc6 18. h4 Nd5 19. hxg5 Nxe3 20. fxe3 hxg5 21. Nxg5 Bg6 22. Nxe6 Rc8 23. Nf4 Rxc7 24. Nd5 Rc8 25. Nxb6 Re8 26. Bxc6 bxc6 27. e4 Bh5 28. Rf2 Bg4 29. a3 Rb8 30. Nc4 Be6 31. Rc1 Bxc4 32. Rxc4 Rxb2 33. Rxc5 Rxa3 34. Rxc6 Raa2 35. Rc8+ Kg7 36. Rc7 Rxe2 37. Rcxf7+ Kg6 38. Rxe2 Rxe2 39. Rf2 Re3 40. Rd2 1-0

[Event "FRM-ch op 23rd"]
[Site "Struga"]
[Date "2014.08.31"]
[Round "7"]
[White "Stojkovska, Monika"]
[Black "Dimov, Daniel"]
[Result "1-0"]
[WhiteElo "2027"]
[BlackElo "1977"]
[PlyCount "67"]
[EventDate "2014.08.25"]
[EventType "swiss"]
[EventRounds "9"]
[EventCountry "MKD"]
[SourceTitle "CBM 162 Extra"]
[Source "ChessBase"]
[SourceDate "2014.10.17"]
[SourceVersion "1"]
[SourceVersionDate "2014.10.17"]
[SourceQuality "1"]

1. e4 e5 2. Nf3 Nc6 3. d4 exd4 4. Nxd4 Bc5 5. Be3 Qf6 6. c3 Nge7 7. Bc4 d6 8. 0-0 Ne5 9. Be2 Qg6 10. f3 0-0 11. Kh1 a6 12. Nd2 f5 13. Bg1 f4 14. b4 Ba7 15. Nc4 b5 16. Nxe5 dxe5 17. Nb3 Bxg1 18. Rxg1 Be6 19. Nc5 Rad8 20. Qc2 Rd6 21. Rad1 Rfd8 22. Nxa6 Nd5 23. Bxb5 Ne3 24. Rxd6 Rxd6 25. Qe2 Qf7 26. a4 Bc8 27. Nc5 Rh6 28. g4 fxg3 29. Rxg3 Qf4 30. Kg1 Rh3 31. Qe1 Nc2 32. Qf2 Qc1+ 33. Bf1 Ne3 34. Nd3 1-0

[Event "FRM-ch op 23rd"]
[Site "Struga"]
[Date "2014.08.25"]
[Round "1"]
[White "Pancevski, Filip"]
[Black "Dimov, Daniel"]
[Result "1-0"]
[WhiteElo "2464"]
[BlackElo "1977"]
[PlyCount "53"]
[EventDate "2014.08.25"]
[EventType "swiss"]
[EventRounds "9"]
[EventCountry "MKD"]
[SourceTitle "CBM 162 Extra"]
[Source "ChessBase"]
[SourceDate "2014.10.17"]
[SourceVersion "1"]
[SourceVersionDate "2014.10.17"]
[SourceQuality "1"]

1. e4 e5 2. Nf3 Nc6 3. Bb5 a6 4. Ba4 Nf6 5. d3 b5 6. Bb3 d6 7. Ng5 d5 8. exd5 Nd4 9. c4 h6 10. Ne4 Bf5 11. Nbc3 Bb4 12. 0-0 0-0 13. Ng3 Bg6 14. Be3 c5 15. Rc1 Rc8 16. Nce4 Nd7 17. f4 Bxe4 18. dxe4 Re8 19. Kh1 Nxb3 20. axb3 Ba5 21. Ra1 Ra8 22. Qd3 b4 23. Nf5 Bb6 24. Rae1 Rf8 25. Bd2 a5 26. Qg3 Qf6 27. fxe5 1-0

[Event "Skopje Karposh op"]
[Site "Skopje"]
[Date "2014.04.05"]
[Round "9"]
[White "Dimov, Daniel"]
[Black "Rykov, Ivan S"]
[Result "0-1"]
[WhiteElo "1997"]
[BlackElo "1783"]
[PlyCount "90"]
[EventDate "2014.03.29"]
[EventType "swiss"]
[EventRounds "9"]
[EventCountry "MKD"]
[SourceTitle "CBM 159 Extra"]
[Source "ChessBase"]
[SourceDate "2014.04.24"]
[SourceVersion "1"]
[SourceVersionDate "2014.04.24"]
[SourceQuality "1"]

1. e4 e6 2. d4 d5 3. Nc3 Bb4 4. Bd3 Ne7 5. a3 Bxc3+ 6. bxc3 c5 7. Bb5+ Bd7 8. Qe2 Qa5 9. Bxd7+ Nxd7 10. Bd2 Qa4 11. Nf3 0-0 12. Bg5 Nc8 13. 0-0 h6 14. exd5 exd5 15. Be3 c4 16. Nh4 Nf6 17. Nf5 Re8 18. f4 Re6 19. Rf3 Ne7 20. g4 Nxg4 21. Nxe7+ Rxe7 22. Rg3 Rxe3 23. Rxe3 Nxe3 24. Qxe3 Qxc2 25. Re1 Qb2 26. f5 Qb6 27. Qe5 Qc6 28. Kf2 f6 29. Qe6+ Qxe6 30. Rxe6 Rd8 31. Re7 Rd6 32. Rxb7 Ra6 33. Rb5 Rxa3 34. Rxd5 Rxc3 35. Rc5 Rc2+ 36. Ke3 c3 37. d5 Rd2 38. Ke4 c2 39. d6 Rxd6 40. Rxc2 Ra6 41. Rc8+ Kh7 42. Rc4 Ra2 43. h3 Ra3 44. Kd4 Rxh3 45. Ra4 Rh4+ 0-1

[Event "Skopje Karposh op"]
[Site "Skopje"]
[Date "2014.04.04"]
[Round "8"]
[White "Glavinac, Goran"]
[Black "Dimov, Daniel"]
[Result "1-0"]
[WhiteElo "2164"]
[BlackElo "1997"]
[PlyCount "89"]
[EventDate "2014.03.29"]
[EventType "swiss"]
[EventRounds "9"]
[EventCountry "MKD"]
[SourceTitle "CBM 159 Extra"]
[Source "ChessBase"]
[SourceDate "2014.04.24"]
[SourceVersion "1"]
[SourceVersionDate "2014.04.24"]
[SourceQuality "1"]

1. d4 Nf6 2. Nf3 g6 3. c4 Bg7 4. Nc3 d6 5. e4 0-0 6. Be2 c5 7. d5 Nbd7 8. h3 Re8 9. 0-0 Nf8 10. Bf4 a6 11. Qd2 Qa5 12. Rfe1 Bd7 13. e5 Nh5 14. Bh2 dxe5 15. Nxe5 Nf6 16. Bf3 Qb6 17. a4 Rad8 18. a5 Qa7 19. Ra3 Bc8 20. Nd3 Bf5 21. Bc7 Bxd3 22. Bxd8 Rxd8 23. Qxd3 Ne6 24. Bd1 Qb8 25. Qg3 Nd4 26. Qxb8 Rxb8 27. Rxe7 Bf8 28. Re1 Bh6 29. Ne4 Nd7 30. Ba4 b5 31. axb6 Nxb6 32. Nxc5 Bf8 33. Nxa6 Ra8 34. Bb5 Bxa3 35. bxa3 Nxd5 36. a4 Nb6 37. a5 Nd5 38. Re8+ Rxe8 39. Bxe8 Nf6 40. Nc7 Nxe8 41. Nxe8 Kf8 42. Nc7 Nc6 43. a6 Na7 44. Nb5 Nc8 45. c5 1-0

[Event "Skopje Karposh op"]
[Site "Skopje"]
[Date "2014.04.02"]
[Round "6"]
[White "Todorovic, Goran M"]
[Black "Dimov, Daniel"]
[Result "1-0"]
[WhiteElo "2476"]
[BlackElo "1997"]
[PlyCount "37"]
[EventDate "2014.03.29"]
[EventType "swiss"]
[EventRounds "9"]
[EventCountry "MKD"]
[SourceTitle "CBM 159 Extra"]
[Source "ChessBase"]
[SourceDate "2014.04.24"]
[SourceVersion "1"]
[SourceVersionDate "2014.04.24"]
[SourceQuality "1"]

1. e4 c5 2. Nf3 Nc6 3. d4 cxd4 4. Nxd4 Nf6 5. Nc3 a6 6. Nxc6 bxc6 7. e5 Ng8 8. Bc4 d5 9. exd6 Qxd6 10. Qe2 Bf5 11. g4 Bd7 12. Ne4 Qg6 13. Bf4 Bxg4 14. f3 Be6 15. 0-0-0 Bxc4 16. Qxc4 e5 17. Bxe5 Qe6 18. Nd6+ Bxd6 19. Qxc6+ 1-0

[Event "Skopje-ch op"]
[Site "Skopje"]
[Date "2010.12.09"]
[Round "6"]
[White "Kacakovski, Dimitar"]
[Black "Dimov, Daniel"]
[Result "1/2-1/2"]
[WhiteElo "2178"]
[BlackElo "1996"]
[PlyCount "106"]
[EventDate "2010.12.04"]
[EventType "swiss"]
[EventRounds "9"]
[EventCountry "MKD"]
[SourceTitle "CBM 139 Extra"]
[Source "ChessBase"]
[SourceDate "2011.01.05"]
[SourceVersion "1"]
[SourceVersionDate "2011.01.05"]
[SourceQuality "1"]

1. c4 e5 2. Nc3 Nc6 3. Nf3 Nf6 4. g3 Nd4 5. Bg2 Nxf3+ 6. Bxf3 Bb4 7. d3 c6 8. 0-0 0-0 9. Qb3 Be7 10. Rd1 Qc7 11. d4 d6 12. Be3 Ng4 13. Bxg4 Bxg4 14. d5 f5 15. c5 Kh8 16. f3 Bh3 17. cxd6 Bxd6 18. Rac1 Qe7 19. dxc6 bxc6 20. Qc4 f4 21. Qxc6 Rad8 22. Ne4 fxe3 23. Nxd6 Rf6 24. g4 h5 25. Nc8 Rxc6 26. Nxe7 Rxc1 27. Rxc1 Rd2 28. Re1 hxg4 29. Ng6+ Kh7 30. Nxe5 gxf3 31. Nxf3 Rd5 32. Kh1 g5 33. b4 Kh6 34. a4 Kh5 35. Rb1 g4 36. Ng1 Rd4 37. a5 a6 38. b5 axb5 39. Rxb5+ Kh4 40. Re5 Ra4 41. Rxe3 Rxa5 42. Nxh3 gxh3 43. Re4+ Kh5 44. Kg1 Rg5+ 45. Kf2 Rg2+ 46. Kf3 Rxh2 47. Kg3 Rh1 48. Rf4 Kg5 49. Rf2 Kg6 50. Kg4 Kh6 51. e4 h2 52. Kg3 Rg1+ 53. Kxh2 Re1 1/2-1/2

[Event "Skopje-ch op"]
[Site "Skopje"]
[Date "2010.12.07"]
[Round "4"]
[White "Bogdanovski, Vlatko"]
[Black "Dimov, Daniel"]
[Result "1-0"]
[WhiteElo "2418"]
[BlackElo "1996"]
[PlyCount "199"]
[EventDate "2010.12.04"]
[EventType "swiss"]
[EventRounds "9"]
[EventCountry "MKD"]
[SourceTitle "CBM 139 Extra"]
[Source "ChessBase"]
[SourceDate "2011.01.05"]
[SourceVersion "1"]
[SourceVersionDate "2011.01.05"]
[SourceQuality "1"]

1. d4 Nf6 2. Nf3 d5 3. c4 c6 4. Nc3 e6 5. Qb3 Bd6 6. Bg5 Nbd7 7. e3 a6 8. cxd5 exd5 9. Bd3 h6 10. Bh4 0-0 11. 0-0 Re8 12. Rae1 Nf8 13. e4 dxe4 14. Nxe4 Be6 15. Bxf6 gxf6 16. Bc4 Bxc4 17. Qxc4 Ne6 18. g3 Ng5 19. Nfxg5 fxg5 20. d5 cxd5 21. Qxd5 Bb4 22. Rd1 Qe7 23. f3 Rad8 24. Qf5 Kg7 25. g4 Qe6 26. Qxe6 fxe6 27. Kf2 Kf7 28. Ke2 Ke7 29. Rxd8 Rxd8 30. Rd1 Rxd1 31. Kxd1 b6 32. Ke2 Bd6 33. h3 Be5 34. b3 Kd7 35. Nd2 b5 36. Kd3 Kd6 37. b4 Kd5 38. Ne4 Bd6 39. Nxd6 Kxd6 40. Kd4 e5+ 41. Ke4 Ke6 42. a3 Kd6 43. Kf5 Kd5 44. Kg6 Kd4 45. Kxh6 Ke3 46. Kxg5 Kxf3 47. Kh5 e4 48. g5 e3 49. g6 e2 50. g7 e1Q 51. g8Q Qe5+ 52. Kh4 Qe7+ 53. Qg5 Qe1+ 54. Kh5 Qe8+ 55. Qg6 Qh8+ 56. Kg5 Kg3 57. Qd3+ Kh2 58. h4 Qg7+ 59. Qg6 Qe5+ 60. Qf5 Qg7+ 61. Kh5 Qh8+ 62. Kg4 Qg7+ 63. Qg5 Qd7+ 64. Kf4 Qd4+ 65. Kf5 Qd5+ 66. Kf6 Qd6+ 67. Kf7 Qd7+ 68. Qe7 Qf5+ 69. Kg7 Qg4+ 70. Qg5 Qd7+ 71. Kf8 Qc8+ 72. Kf7 Qd7+ 73. Qe7 Qf5+ 74. Kg7 Qg4+ 75. Kh6 Qf4+ 76. Kg6 Qg4+ 77. Qg5 Qe6+ 78. Qf6 Qe8+ 79. Kh6 Qe3+ 80. Kh7 Qe4+ 81. Kg7 Qb7+ 82. Kh6 Kh3 83. h5 Qd7 84. Qf3+ Kh4 85. Kg6 Qe8+ 86. Qf7 Qe4+ 87. Qf5 Qe8+ 88. Kf6 Qc6+ 89. Ke5 Qc3+ 90. Kd5 Qxa3 91. h6 Qb3+ 92. Kc6 Qc3+ 93. Kb7 Qxb4 94. h7 Qe7+ 95. Kxa6 Qa3+ 96. Kb7 Qe7+ 97. Kc6 Qe8+ 98. Kd6 Qh8 99. Ke6 b4 100. Qf6+ 1-0

[Event "Skopje-ch op"]
[Site "Skopje"]
[Date "2010.12.05"]
[Round "2"]
[White "Veleski, Robert"]
[Black "Dimov, Daniel"]
[Result "1-0"]
[WhiteElo "2282"]
[BlackElo "1996"]
[PlyCount "75"]
[EventDate "2010.12.04"]
[EventType "swiss"]
[EventRounds "9"]
[EventCountry "MKD"]
[SourceTitle "CBM 139 Extra"]
[Source "ChessBase"]
[SourceDate "2011.01.05"]
[SourceVersion "1"]
[SourceVersionDate "2011.01.05"]
[SourceQuality "1"]

1. d4 d5 2. Nf3 Nf6 3. c4 e6 4. cxd5 Nxd5 5. g3 b6 6. Bg2 Bb7 7. 0-0 g6 8. Bg5 Qd6 9. e4 Ne7 10. Bf6 Rg8 11. Ng5 Nbc6 12. Nxh7 0-0-0 13. Ng5 e5 14. Bh3+ Kb8 15. Nxf7 Qxf6 16. Nxd8 Ba6 17. Nxc6+ Nxc6 18. dxe5 Nxe5 19. Nc3 Bc5 20. Nd5 Qh8 21. Bg2 Rf8 22. Nf4 Bxf1 23. Bxf1 g5 24. Qh5 gxf4 25. Qxh8 Rxh8 26. gxf4 Ng4 27. Kg2 Nxf2 28. e5 Rg8+ 29. Kf3 Ng4 30. Bc4 Nxh2+ 31. Ke4 Rg1 32. Rxg1 Bxg1 33. Be2 Kc8 34. f5 Kd7 35. f6 c6 36. Kf5 b5 37. e6+ Kd6 38. e7 1-0

[Event "IBCA-ol blind 13th"]
[Site "Heraklion"]
[Date "2008.10.20"]
[Round "2.4"]
[White "Platon, Constantin"]
[Black "Dimov, Daniel"]
[Result "0-1"]
[WhiteElo "1400"]
[BlackElo "1400"]
[PlyCount "38"]
[EventDate "2008.10.19"]
[EventType "team-swiss"]
[EventRounds "9"]
[EventCountry "GRE"]
[SourceTitle "EXT 2010"]
[Source "ChessBase"]
[SourceDate "2010.11.25"]
[SourceVersion "1"]
[SourceVersionDate "2010.11.25"]
[SourceQuality "1"]
[WhiteTeam "Moldova (blind)"]
[BlackTeam "Macedonia (blind)"]
[WhiteTeamCountry "MDA"]
[BlackTeamCountry "MKD"]

1. e4 e5 2. Nf3 Nf6 3. Nc3 Nc6 4. Bb5 d6 5. d4 exd4 6. Nxd4 Bd7 7. Nxc6 bxc6 8. Ba4 Be7 9. 0-0 0-0 10. Re1 Rb8 11. Qf3 Ng4 12. Bb3 Bf6 13. Bd2 Re8 14. h3 Ne5 15. Qe3 c5 16. Nd5 c4 17. Bxc4 Nxc4 18. Nxf6+ Qxf6 19. Qxa7 Nxb2 0-1